000 00299nam a2200121Ia 4500
008 240624s9999 xx 000 0 und d
041 _aeng
082 _a330 HAR
100 _aHARFORD TIM
245 _aUNDER COVER ECONOMIST
260 _c2006
_aNew Delhi
_bAbacus
300 _ax, : 278 : p. : cm. ; 19
999 _c28764
_d28764